Dictionary of philosophy and psychology (Record no. 28579)

MARC details
000 -LEADER
campo de control de longitud fija 01124nam a2200205 i 4500
001 - NÚMERO DE CONTROL
campo de control 28579
003 - IDENTIFICADOR DE NÚMERO DE CONTROL
campo de control ES-MaACL
005 - FECHA Y HORA DE LA ÚLTIMA TRANSACCIÓN
campo de control 20230906153905.0
007 - CAMPO FIJO DE DESCRIPCIÓN FÍSICA--INFORMACIÓN GENERAL
campo de control de longitud fija t|
008 - DATOS DE LONGITUD FIJA--INFORMACIÓN GENERAL
campo de control de longitud fija 030117m19011905xxu ||||1| eng d
100 1# - ENTRADA PRINCIPAL--NOMBRE DE PERSONA
Nombre de persona Baldwin, James Mark.
9 (RLIN) 24913
245 10 - MENCIÓN DEL TÍTULO
Título Dictionary of philosophy and psychology
Resto del título : including many of the principal conceptions of ethics, logic, aesthetics, philosophy of religion, mental pathology, anthropology, biology, neurology, physiology, economics, political and social philosophy, philology, physical science, and education; and giving a terminology in English, French, German and Italian /
Mención de responsabilidad, etc. written by many hands and edited by James Mark Baldwin with the co-operation and assistance of an international board of consulting editors.
260 ## - PUBLICACIÓN, DISTRIBUCIÓN, ETC.
Lugar de publicación, distribución, etc. New York :
Nombre del editor, distribuidor, etc. The Marmillan Company,
Fecha de publicación, distribución, etc. 1901-1905 (
Fabricante Horace Hart)
300 ## - DESCRIPCIÓN FÍSICA
Extensión 3 t. en 4 v. :
Otras características físicas il. ;
Dimensiones 18 cm.
650 04 - PUNTO DE ACCESO ADICIONAL DE MATERIA--TÉRMINO DE MATERIA
Término de materia o nombre geográfico como elemento de entrada Filosofía-
Subdivisión de forma Diccionarios.
9 (RLIN) 12806
650 #4 - PUNTO DE ACCESO ADICIONAL DE MATERIA--TÉRMINO DE MATERIA
Término de materia o nombre geográfico como elemento de entrada Filosofía-
Subdivisión de forma Bibliografías.
9 (RLIN) 159347
650 04 - PUNTO DE ACCESO ADICIONAL DE MATERIA--TÉRMINO DE MATERIA
Término de materia o nombre geográfico como elemento de entrada Psicología-
Subdivisión de forma Diccionarios.
9 (RLIN) 16542
650 04 - PUNTO DE ACCESO ADICIONAL DE MATERIA--TÉRMINO DE MATERIA
Término de materia o nombre geográfico como elemento de entrada Psicología-
Subdivisión general Bibliografías.
9 (RLIN) 16541
852 ## - LOCALIZACIÓN
Ubicación ES-MaACL
Número de control de estantería B-777-80
Holdings
Estatus retirado Estado de pérdida Estado de daño No para préstamo Biblioteca de origen Biblioteca actual Ubicación en estantería Fecha de adquisición Fuente de adquisición Total de préstamos Signatura topográfica completa Código de barras Visto por última vez Precio de reemplazo Tipo de ítem Koha
        Biblioteca del Ateneo de Madrid Biblioteca del Ateneo de Madrid Sala Pardo Bazán 17/01/2008     B-777-80 1029509 23/02/2023 23/02/2023 Libro impreso antiguo